Bitácora del náufrago y otros poemas

Gorde:
Xehetasun bibliografikoak
Egile nagusia: Zamora, Armando
Formatua: Liburua
Hizkuntza:Undetermined
Argitaratua: México, Distrito Federal UNISON 1992
Gaiak:
Etiketak: Etiketa erantsi
Etiketarik gabe, Izan zaitez lehena erregistro honi etiketa jartzen!

MARC

LEADER 00000nam a2200000Ia 4500
008 170316s9999 xx 000 0 und d
040 |a cru BVZT 
090 |a 860 Z-3b 
100 |a Zamora, Armando 
245 |a Bitácora del náufrago y otros poemas 
260 |a México, Distrito Federal 
260 |b UNISON 
260 |c 1992 
300 |a 86 páginas 
650 |a LITERATURA LATINOAMERICANA 
999 |c 9336  |d 9336 
942 |c 15 D  |h 860 Z-3b  |2 z